| 000 | 00815cam a2200217 4500 | ||
|---|---|---|---|
| 001 | WB3650-06 | ||
| 008 | 000000n2000 000 0 eng u | ||
| 035 | _a(Sirsi) u110026 | ||
| 245 | _aClients call for full registration | ||
| 260 | _c2000 | ||
| 490 |
_aContract Journal _v406 (6307) 13 December 2000, 2(1) |
||
| 520 | _aThe Confederation of Construction Clients is demanding a fully registered workforce, and a single skills registration scheme, by the end of 2002. Registration may be based on an extension of the CITB's Construction Skills Certification Scheme (CSCS) card. | ||
| 590 | _aWB | ||
| 650 | _aCONFEDERATION OF CONSTRUCTION CLIENTS | ||
| 650 | _aWORKFORCE | ||
| 650 | _aREGISTRATION | ||
| 650 | _aSKILLS | ||
| 650 | _aCONSTRUCTION INDUSTRY | ||
| 690 | _aBUILT ENVIRONMENT | ||
| 942 | _n0 | ||
| 999 |
_c65629 _d65629 |
||